000 01758cam a22004095i 4500
001 18243923
003 NUST
005 20220825122509.0
008 140728s2014 nyu 000 1 eng
010 _a 2014378814
020 _a9780812977172 (pbk.)
020 _a0812977173 (pbk.)
038 _aAzhar
040 _aDLC
_beng
_erda
_cDLC
042 _apcc
050 0 0 _aPS3556.L26
_bA45 2014
082 0 0 _a813.54
_223
_bFLA
100 1 _aFlagg, Fannie
_995409
245 1 4 _aThe all-girl filling station's last reunion :
_ba novel
_cFannie Flagg.
250 _aRandom House Trade Paperback edition.
260 _aNew York :
_bRandom House,
_c2014
264 1 _c2014
300 _a367 pages ;
_c21 cm
336 _atext
_btxt
_2rdacontent
337 _aunmediated
_bn
_2rdamedia
338 _avolume
_bnc
_2rdacarrier
520 _a"Spanning decades, generations, and America in the 1940s and today, The All-Girl Filling Station's Last Reunion is a fun-loving mystery about an Alabama woman today, and five women who in 1943 worked in a Phillips 66 gas station, during the WWII years. Like Fannie Flagg's classic Fried Green Tomatoes, this is a riveting, fun story of two families, set in present day America and during World War II, filled to the brim with Flagg's trademark funny voice and storytelling magic"--
_cProvided by publisher.
650 0 _aWomen
_vFiction.
_995410
650 0 _aFemale friendship
_vFiction.
650 0 _aFamily secrets
_vFiction.
_995411
650 0 _aService stations
_vFiction.
_995412
655 0 _aDomestic fiction.
655 7 _aHistorical fiction.
_2gsafd
906 _a7
_bcbc
_corigres
_d2
_encip
_f20
_gy-gencatlg
942 _2ddc
_cLC
999 _c590683
_d590683